An introduction to the theory of multipliers.

Guardado en:
Autor Principal: Larsen, Ronald.
Formato: Libro
Idioma:English
Publicado: Berlin ; New York : Springer-Verlag, 1971.
Series:Grundlehren der mathematischen Wissenschaften in Einzeldarstellungen mit besonderer Berücksichtigung der Anwendungsgebiete ; Bd. 175.
Materias:
Etiquetas: Agregar Etiqueta
Sin Etiquetas, Sea el primero en etiquetar este registro!
LEADER 00895cam a2200229 a 4500
001 MAT.inmabb005833
008 710610s1971####wb#######b####001#0#eng##
005 20130308130639.0
245 1 3 |a An introduction to the theory of multipliers. 
260 |a Berlin ;  |a New York :  |b Springer-Verlag,  |c 1971. 
300 |a xx, 282 p. ;  |c 24 cm. 
490 1 |a Die Grundlehren der mathematischen Wissenschaften in Einzeldarstellungen ;  |v Bd. 175 
504 |a Bibliografía: p. [257]-274. 
510 4 |a MR,  |c 55 #8695 
020 |a 0387051201 (New York) 
100 1 |a Larsen, Ronald. 
830 0 |a Grundlehren der mathematischen Wissenschaften in Einzeldarstellungen mit besonderer Berücksichtigung der Anwendungsgebiete ;  |v Bd. 175. 
650 0 |a Multipliers (Mathematical analysis) 
084 |a 43A22 (42A18)  |2 msc2000 
010 |a  78134023  
040 |a DLC  |c DLC  |d DLC 
859 |h 43  |i L334  |p A-4385  |b BIB. MATEMATICA